|
|
|
|
| LEADER |
00000nmm0a2200000 4500 |
| 001 |
276891 |
| 005 |
20231101234950.0 |
| 035 |
|
|
|a (RuTPU)RU\TPU\book\300164
|
| 090 |
|
|
|a 276891
|
| 100 |
|
|
|a 20141126d1986 k y0rusy50 ca
|
| 101 |
0 |
|
|a rus
|
| 102 |
|
|
|a RU
|
| 105 |
|
|
|a a z 001zy
|
| 200 |
1 |
|
|a Формации и структура Восточно-Сихотэ-Алинского вулканогенного пояса
|f В. И. Синюков
|g Академия наук СССР (АН СССР), Дальневосточный научный центр, Институт тектоники и геофизики им. Ю. А. Косыгина (ИТиГ)
|
| 210 |
|
|
|a Москва
|c Наука
|d 1986
|
| 215 |
|
|
|a 159 с.
|c ил.
|e 1 л. карты
|
| 320 |
|
|
|a Библиогр.: с. 151-157
|
| 606 |
1 |
|
|a Геологические формации, вулканогенно-осадочные
|2 stltpush
|3 (RuTPU)RU\TPU\subj\6083
|9 34043
|
| 610 |
1 |
|
|a Сихотэ-Алинь
|
| 610 |
1 |
|
|a вулканические пояса
|
| 610 |
1 |
|
|a исследование
|
| 610 |
1 |
|
|a фундамент
|
| 610 |
1 |
|
|a структура
|
| 610 |
1 |
|
|a формационный состав
|
| 610 |
1 |
|
|a тектоническая роль
|
| 675 |
|
|
|a 551.263.03
|v 3
|
| 700 |
|
1 |
|a Синюков
|b В. И.
|g Валерий Иванович
|
| 712 |
0 |
2 |
|a Академия наук СССР (АН СССР)
|b Дальневосточный научный центр
|b Институт тектоники и геофизики им. Ю. А. Косыгина (ИТиГ)
|c (Хабаровск)
|2 stltpush
|3 (RuTPU)RU\TPU\col\11505
|
| 801 |
|
1 |
|a RU
|b 63413507
|c 20141126
|
| 801 |
|
2 |
|a RU
|b 63413507
|c 20160512
|g RCR
|
| 942 |
|
|
|c MX
|